000 00649nam a2200205 i 4500
001 91637
003 ES-MaACL
005 20230906180754.0
007 t|
008 050203s2002 sp ||||1| spa d
020 _a970-626-207-5
080 _a94(726.1)(059.3)
100 1 _aBaca Rivero, Jaime.
_924430
245 1 0 _aEfemérides del Puerto de Veracruz /
_cJaime Baca Rivero.
260 _aVeracruz :
_bEditoria de Gobierno Estado de Veracruz,
_c[2002]
300 _a203 p. :
_bil. ;
_c28 cm.
500 _aTexto en español, inglés y francés.
651 4 _aVeracruz-
_xHistoria-
_vEfemérides.
_99529
852 _aES-MaACL
_jL-28778
_bR.135268
999 _c91637
_d91637